にじさんじFOCUS ON楽曲一覧 - Statistics

General Stats
  • This quiz has been taken 9 times
  • The average score is 20 of 60
Answer Stats
Hint Answer % Correct
ローレン・イロアス これでいいんですか
63%
長尾景 クレマチスの祈り
50%
夕陽リリ クロックノック
50%
ヤン・ナリ 世界征服は明日から
50%
レヴィ・エリファ 深夜32時
50%
リゼ・ヘルエスタ Game
50%
花畑チャイカ 頬、感じる・・・
38%
周央サンゴ 気まぐれランデブー
38%
伏見ガク エイキューファインダー
38%
壱百満天原サロメ オシャレギ
38%
魔界ノりりむ ふたりだけの世界
38%
ヤン・ナリ やんわり成長ちゅ!
38%
卯月コウ 放課後シャングリラ
38%
フレン・E・ルスタリオ 群青フォトグラフ
38%
ましろ爻 ハズレジンセイ
38%
文野環 ホントの足跡
38%
アンジュ・カトリーナ 猪突猛進☆セレナーデ
38%
魔界ノりりむ ♡Ai or Die♡
38%
周央サンゴ BORN TO BE PRINCESS
38%
先斗寧 Crazy Love
38%
セラフ・ダズルガーデン Dive to the Future!!
38%
ましろ爻 d○○rの向こう
38%
レオス・ヴィンセント Hope
38%
山神カルタ LAST NOTE
38%
早瀬走 Life goes on
38%
山神カルタ LOTTA LOVE
38%
笹木咲 Lv.0の勇者
38%
ハナ・マキア ONI GOKKO
38%
本間ひまわり Pa-Pa-Paザ★PARTY★NIGHT★
38%
セラフ・ダズルガーデン Will be
38%
本間ひまわり シュガーレスガール
25%
レオス・ヴィンセント スパークルージュ
25%
フミ 永遠に君へ
25%
壱百満天原サロメ 真夜中の太陽
25%
卯月コウ 何者
25%
アンジュ・カトリーナ 群衆裁判
25%
レヴィ・エリファ アンハッピーナイトタイム
25%
倉持めると センチメンタルビート
25%
レイン・パターソン エゴイスティックドリーム
25%
フレン・E・ルスタリオ Alive In Wonderland
25%
文野環 Bastet
25%
アクシア・クローネ Believe
25%
社築 day to day
25%
アクシア・クローネ Dyed in blue
25%
先斗寧 瞬間EMOTION
25%
フミ Heaven
25%
伏見ガク JUNKS FLOWER
25%
レイン・パターソン Misleading love game
25%
倉持めると Odd Night
25%
社築 overcome
25%
勇気ちひろ Raspberry
25%
ローレン・イロアス resonance
25%
早瀬走 Say Goodbye!!!
25%
花畑チャイカ Smash Out!
25%
リゼ・ヘルエスタ Stardust flow
25%
夕陽リリ Stay Glow
25%
勇気ちひろ Ultramarine Sky -瑠璃色の空-
25%
長尾景 Universe
25%
ハナ・マキア Vivid Start
25%
笹木咲 Whiteout
25%
No matching quizzes found
Score Distribution
Percent of People with Each Score
Percentile by Number Answered
Your Score History
You have not taken this quiz